BSOP header

The expositor's Bible commentary : (Record no. 24718)

MARC details
000 -LEADER
fixed length control field 00860nam a2200229 4500
008 - FIXED-LENGTH DATA ELEMENTS--GENERAL INFORMATION
fixed length control field 050927s1981 -hk chi
020 ## - INTERNATIONAL STANDARD BOOK NUMBER
International Standard Book Number 9622307299 :Php68.25
090 ## - LOCALLY ASSIGNED LC-TYPE CALL NUMBER (OCLC); LOCAL CALL NUMBER (OCLC)
Classification number (OCLC) (R) ; Classification number, CALL (RLIN) (NR) BS498.C5
Local cutter number (OCLC) ; Book number/undivided call number, CALL (RLIN) Ex7
245 10 - TITLE STATEMENT
Title The expositor's Bible commentary :
Remainder of title Romans {ch} /
Statement of responsibility, etc Everett F. Harrison, translated by Loren Lu.
260 ## - PUBLICATION, DISTRIBUTION, ETC. (IMPRINT)
Place of publication, distribution, etc Hong Kong :
Name of publisher, distributor, etc Seed Press,
Date of publication, distribution, etc c1981.
300 ## - PHYSICAL DESCRIPTION
Extent 359 p.
490 1# - SERIES STATEMENT
Series statement Seed Press theological education series
500 ## - GENERAL NOTE
General note Copyright 1976 by Zondervan Publishing House
504 ## - BIBLIOGRAPHY, ETC. NOTE
Bibliography, etc Includes bibliographical references (pp.358-359).
505 0# - FORMATTED CONTENTS NOTE
Formatted contents note Contents : vol. 29.
630 04 - SUBJECT ADDED ENTRY--UNIFORM TITLE
Uniform title Bible
General subdivision Commentaries {ch}.
630 04 - SUBJECT ADDED ENTRY--UNIFORM TITLE
Uniform title Bible. N.T. Romans
General subdivision Commentaries {ch}.
951 ## - EQUIVALENCE OR CROSS-REFERENCE-GEOGRAPHIC NAME/AREA NAME [OBSOLETE] [CAN/MARC only]
General subdivision 00009298
700 1# - ADDED ENTRY--PERSONAL NAME
Personal name Harrison, Everett F.
700 1# - ADDED ENTRY--PERSONAL NAME
Personal name Ku, Loren, trans.
740 02 - ADDED ENTRY--UNCONTROLLED RELATED/ANALYTICAL TITLE
Uncontrolled related/analytical title {Chong tz}.
951 ## - EQUIVALENCE OR CROSS-REFERENCE-GEOGRAPHIC NAME/AREA NAME [OBSOLETE] [CAN/MARC only]
-- C-804
-- BS498.C5/Ex7-29
-- 070613111520781
-- 2000-12-21
-- REF-CH
Holdings
Withdrawn status Lost status Damaged status Not for loan Home library Current library Shelving location Date acquired Accession number Shelving control number Total Checkouts Full call number Barcode Date last seen Price effective from Koha item type
        BSOP Library BSOP Library Reference Chinese 12/21/2000 C-804 127   BS498.C5/Ex7-29 00009298 02/23/2013 02/23/2013 Books
BSOP

Biblical Seminary of the Philippines
  All rights Reserved
  © 2024

CONTACT INFORMATION

Biblical Seminary of the Philippines,
  77-B Karuhatan Road, Valenzuela City,
  PHILIPPINES 1441
  Phone: +632 8292-6795 / 8292-6798
  Fax : +632 8292-6675
  Email: library@bsop.edu.ph